Normal view MARC view

Entry Personal Name

Number of records used in: 1

001 - CONTROL NUMBER

  • control field: 160413

003 - CONTROL NUMBER IDENTIFIER

  • control field: OSt

005 - DATE AND TIME OF LATEST TRANSACTION

  • control field: 20220923211418.0

008 - FIXED-LENGTH DATA ELEMENTS

  • fixed length control field: 220923|| aca||aabn | a|a d

040 ## - CATALOGING SOURCE

  • Original cataloging agency: OSt
  • Transcribing agency: OSt

100 ## - HEADING--PERSONAL NAME

  • Personal name: निश्नोई, बीना, 'शर्मा'

670 ## - SOURCE DATA FOUND

  • Source citation: Work cat.: (OSt)299235: निश्नोई, बीना, 'शर्मा', अर्थवेदीय परिवार का सूक्ष्म मनोवैज्ञानिक चित्रण, 2014
Copyright @ Delhi University Library System